000
00298nam a2200133Ia 4500
100
_a
Atkinson/ K.E.
942
_c
BK
654
_a
numerical
245
_a
Introduction to numerical analysis
260
_b
John wiley
_a
Singapore
_c
1959
082
_a
519.4
_b
ATK
300
_a
693
546
_a
ENGLISH
999
_c
21257
_d
21257